GUIA COMPLETA DE IMAGEN DIGITAL (Registro nro. 47785)
[ vista simple ]
| 000 -LEADER | |
|---|---|
| fixed length control field | 00999nam a2200193 a 4500 |
| 001 - CONTROL NUMBER | |
| control field | 47785 |
| 005 - DATE AND TIME OF LATEST TRANSACTION | |
| control field | 20180714031846.0 |
| 008 - FIXED-LENGTH DATA ELEMENTS--GENERAL INFORMATION | |
| fixed length control field | 140415s2004 cc 000 0 spa d |
| 020 ## - INTERNATIONAL STANDARD BOOK NUMBER | |
| International Standard Book Number | 8480765275 |
| 041 ## - LANGUAGE CODE | |
| Language code of text/sound track or separate title | spa |
| 082 ## - DEWEY DECIMAL CLASSIFICATION NUMBER | |
| Classification number | 006.42 |
| Item number | LAC |
| 100 1# - MAIN ENTRY--PERSONAL NAME | |
| Personal name | LACEY, JOËL |
| 245 10 - TITLE STATEMENT | |
| Title | GUIA COMPLETA DE IMAGEN DIGITAL |
| 250 ## - EDITION STATEMENT | |
| Edition statement | 1a ed. |
| 260 ## - PUBLICATION, DISTRIBUTION, ETC. | |
| Place of publication, distribution, etc. | CHINA : |
| Name of publisher, distributor, etc. | NATURART, S.A., |
| Date of publication, distribution, etc. | 2004 |
| 300 ## - PHYSICAL DESCRIPTION | |
| Extent | 191 |
| Dimensions | 23.7 x 1.7 x 26 |
| 520 ## - SUMMARY, ETC. | |
| Summary, etc. | GUÍA COMPLETA DE IMAGEN DIGITAL EL MANUAL MÁS COMPLETO DE IMAGEN DIGITAL COMPRENDE LAS SIGUIENTES CARACTERÍSTICAS: 1.-CONCEPTOS FUNDAMENTALES: QUÉ ES UNA IMAGEN DIGITAL, 2.-CÓMO FUNCIONA Y CÓMO SE PUEDE MANIPULAR, 3.-OPTIMIZACIÓN DE LOS RESULTADOS: COPIAS, FOTOGRAFÍAS, ANIMACIÓN, VÍDEO Y PELÍCULAS WEB, 4.-AJUSTE DE IMAGEN: TÉCNICAS Y SOFTWARE UTILIZADOS PARA EDITAR Y MEJORAR IMÁGENES DIGITALES, 5.-CREACIÓN DE IMÁGENES PARA TRABAJOS CREATIVOS: CONSEJOS PRÁCTICOS Y EJERCICIOS, 6.-CÓMO CO |
| 650 14 - SUBJECT ADDED ENTRY--TOPICAL TERM | |
| Topical term or geographic name entry element | PROCESAMIENTO DE IMAGEN |
| Withdrawn status | Lost status | Source of classification or shelving scheme | Damaged status | Not for loan | Collection code | Home library | Current library | Shelving location | Date acquired | Source of acquisition | Inventory number | Total Checkouts | Full call number | Barcode | Date last seen | Price effective from | Koha item type |
|---|---|---|---|---|---|---|---|---|---|---|---|---|---|---|---|---|---|
| Dewey Decimal Classification | General | Biblioteca Karol Wojtyla | Biblioteca Karol Wojtyla | Sala general | 03/12/2013 | Compra | 151000000000000000015243 | '006.42 LAC | 71571 | 05/01/2026 | 03/12/2013 | Libro |